| 000 | 00689nam a2200265Ia 4500 | ||
|---|---|---|---|
| 003 | OSt | ||
| 005 | 20221005090331.0 | ||
| 006 | a|||||r|||| 00| 0 | ||
| 007 | ta | ||
| 008 | 221004b |||||||| |||| 00| 0 eng d | ||
| 020 | _a0321095170 | ||
| 024 | _a80858 | ||
| 037 | _cTextual | ||
| 040 |
_aCRL _cCRL _beng |
||
| 041 |
_2eng _aeng |
||
| 082 | _aP111:7, P3 | ||
| 100 |
_aWilliams Joseph M _9449357 |
||
| 245 | 0 |
_aStyle _b Ten lessons in clarity and grace |
|
| 250 | _a7th | ||
| 260 |
_aNew York _bLongman Publishers _c2003 |
||
| 300 |
_a270p. _ccm. |
||
| 650 | _aLINGUISTICS | ||
| 942 |
_hP111:7, P3 _cTEXL _2cc |
||
| 999 |
_c995622 _d995622 |
||